Place Values - Statistics

General Stats
  • This quiz has been taken 3 times
  • The average score is 28 of 43
Answer Stats
Hint Answer % Correct
10^9 billion
100%
10^(10^100) googolplex
100%
10^2 hundred
100%
10^6 million
100%
10^27 octillion
100%
10^243 octogintillion
100%
10^15 quadrillion
100%
10^18 quintillion
100%
10^24 septillion
100%
10^21 sextillion
100%
10^1 ten
100%
10^3 thousand
100%
10^12 trillion
100%
10^63 vigintillion
100%
10^303 centillion
50%
10^33 decillion
50%
10^39 duodecillion
50%
10^69 duovigintillion
50%
10^100 googol
50%
10^3000003 microillion
50%
10^273 nonagintillion
50%
10^30 nonillion
50%
10^60 novemdecillion
50%
10^90 novemvigintillion
50%
10^57 octodecillion
50%
10^87 octovigintillion
50%
10^123 quadragintillion
50%
10^45 quattuordecillion
50%
10^75 quattuorvigintillion
50%
10^48 quindecillion
50%
10^153 quingentillion
50%
10^78 quinvigintillion
50%
10^54 septendecillion
50%
10^84 septenvigintillion
50%
10^51 sexdecillion
50%
10^81 sexvigintillion
50%
10^42 tredecillion
50%
10^72 trevigintillion
50%
10^93 trigintillion
50%
10^36 undecillion
50%
10^66 unvigintillion
50%
10^213 septuagintillion
0%
10^183 sexagintillion
0%
No matching quizzes found
Score Distribution
Percent of People with Each Score
Percentile by Number Answered
Your Score History
You have not taken this quiz